01196nam0a22002651 4500001002700000005001700027035002600044100004100070101000800111102000700119105001200126200033300138210001600471215003100487320003300518606008700551620001700638686001900655700001900674701001800693712015000711801002700861801001800888852002400906RU\INFOCOMM_322\500005647620250625202240.0 a(NLR Aleph) 011014739 a20121113d1966 |||y0rusy50 ca0 aeng aRU ay z||||1 aAnalysis of cylindrical shells by the finite element methodfBy A. Hrennikoff, S. S. TezcangUSSR. IASS ... Symposium on problems of interdependence of design and construction of large-span shells for industrial and civic buildings ... Leningrad, 6-9 Sept. 1966. Theme 1. Design of roof shells for industrial and civic buildings a[М.]d1966 a20 с.cчерт.d21 см aБиблиогр.: с. 18-190 aЦилиндрические оболочкиxРасчет3RU\NLR\AUTH\661260340 aМосква aМх-762rubbk 1aHrennikoffbA. 1aTezcanbS. S.12aSymposium on problems of interdependence of design and construction of large-span shells for industrial and civic buildingseLeningradf19664570 1aRUbInfoCommc20121113 0aRUbNLRgPSBO aNLRjМх01 Г-4/24